Library Banner

ثقافتی بشریات (Record no. 71911)

MARC details
000 -LEADER
fixed length control field 00441nam a22001577a 4500
005 - DATE AND TIME OF LATEST TRANSACTION
control field 20150514153525.0
008 - FIXED-LENGTH DATA ELEMENTS--GENERAL INFORMATION
fixed length control field 150514b xxu||||| |||| 00| 0 eng d
020 ## - INTERNATIONAL STANDARD BOOK NUMBER
International Standard Book Number 9694741181
040 ## - CATALOGING SOURCE
Transcribing agency PK-LaUMT
082 ## - DEWEY DECIMAL CLASSIFICATION NUMBER
Classification number KHC 301
Item number MUZ-S
100 ## - MAIN ENTRY--PERSONAL NAME
Personal name مظفر حسن ملک
245 ## - TITLE STATEMENT
Title ثقافتی بشریات
Statement of responsibility, etc مظفر حسن ملک
260 ## - PUBLICATION, DISTRIBUTION, ETC. (IMPRINT)
Place of publication, distribution, etc اسلام آباد
Name of publisher, distributor, etc مقتدرہ قومی زبان
Date of publication, distribution, etc 2004
300 ## - PHYSICAL DESCRIPTION
Extent 481 ص
942 ## - ADDED ENTRY ELEMENTS (KOHA)
Koha item type Books
Holdings
Withdrawn status Lost status Damaged status Home library Current library Date acquired Full call number Barcode Date last seen Price effective from Koha item type
      UMT Main Campus UMT Main Campus 2015-05-14 KHC 301 MUZ-S 74222 2016-01-27 2015-05-14 Books